000
00325nam a2200121Ia 4500
008
220204s9999 xx 000 0 und d
082
_a
628.3
_b
RAM
100
_a
Ramalho, R S
245
0
_a
Introduction to waste water treatment processes
260
_a
New York
_b
Academic
_c
1977
650
_a
Wastewater treatment
942
_c
BK
999
_c
26733
_d
26733